Les Jeux olympiques en images... (1) - Statistiques

Statistiques générales
  • Ce quiz a été pris 35 fois
  • Le résultat moyen est 12 sur 50
Statistiques - réponses
Par images Hint Réponse % Correct
Quel sport pratiquent ces Britanniques ? Football
88%
Qui est cette légende de l'athlétisme ? Usain {Bolt}
88%
Qu'est ce ? Drapeau {olympique}
76%
Qui est-ce ? Pierre {de Coubertin}
74%
Quel sport pratiquent ces hommes ? Polo
71%
Quelle disciplinne est pratiquée ici ? Lancer de disque
62%
Comment se nomme cette épreuve ? Tir à la corde
59%
Quelle discipline pratique ce jeune homme ? Croquet
53%
Qui arrive pour la cérémonie d'ouverture ? {Adolf} {Hitler}
44%
Qui est-ce ? Jesse {Owens}
41%
Qui est ce président d'honneur ? {Théodore} Roosevelt
41%
Qu'est ce ? Le premier {village} {olympique}
38%
Oscar Swahn, le médaillé le plus... {âgé} de l'histoire des jeux
35%
1920 - Qui est-elle ? Suzanne {Lenglen}
35%
Quelles épreuves ont eu lieu à Henley en 1948 ? Aviron
32%
Un exemple de {torche} {olympique}
32%
Qui est-ce ? Alain {Mimoun}
29%
Quelle épreuve se préparent à disputer ces sportifs de 1900 ? Marathon
26%
1920 - Epreuve par équipe de Gymnastique
24%
Vase de Sèvres réalisé pour les jeux de l'année 1924
21%
Qui est-ce ? Emil {Zatopek}
21%
Vue de la cérémonie d'ouverture des jeux de {Los} {Angeles}
18%
Quel sport pratiquait-il ? Haltérophilie
18%
Qui est ce finlandais volant ? Paavo {Nurmi}
18%
Cette photographie aérienne de Berlin a été prise depuis un {dirigeable}
18%
Quelle épreuve disputent-ils ? 110 m haies
15%
En quelle année a été pris ce cliché ? 1896
15%
En quelle année ont été offerts ces trophées ? 1912
15%
Ce rameur est le père d'une future actrice et princesse, il se nomme {John} {Kelly}
15%
Quelle est la nationalité de cette championne ? Britannique
12%
A quel pays appartiennent ces cyclistes ? Italie
12%
Qui est-ce ? Spyridon {Louis}
12%
Où se trouve ce stade olympique Stockholm
12%
De quel pays vient la médaille d'or de saut d'obstacle 1932 Japon
9%
Quel sport pratiquent ces trois personnes ? Aviron
6%
Qui est cette pionnière ? Betty {Robinson}
6%
Dans quelle discipline G. Sandras a-t-il gagné ce trophée ? Gymnastique
6%
Dans quelle ville se trouve ce monument ? Lausanne
6%
Qui est-ce ? Leni {Riefenstahl}
6%
Quelle est cette épreuve disparue ? Saut en {hauteur} {sans} {élan}
6%
Qui est ce patineur ? Ulrich {Salchow}
6%
A quelle tribu indienne appartenait Jim Thorpe ? Algonquins
3%
1904 - Les compétitions de quel sport ont été organisées ici ? {Boxe} et {Escrime}
3%
Sport programmé en 1904 et 1908 Crosse
3%
Que fait cet athlète ? Il {prête} le {serment} {olympique}
3%
Qui est-ce ? Jean {Boireux}
3%
Qu'est ce ? Le {diplôme} olympique de 1896
3%
Que commémore cette médaille ? Les jeux de/d' {Athènes) de {1896}
3%
Quel est ce monument de Londres ? Mur de la {trêve}
3%
Comment se nomme ce stade ? Stade {panathénaïque}
3%
Aucun quiz correspondant
Distribution des résultats
% des personnes avec chaque résultat
Percentile par nombre de réponses
Votre historique - résultats
Vous n’avez pas pris ce quiz